<?xml version="1.0" encoding="UTF-8"?><?xml-stylesheet type="text/xsl" href="static/style.xsl"?><OAI-PMH xmlns="http://www.openarchives.org/OAI/2.0/" xmlns:xsi="http://www.w3.org/2001/XMLSchema-instance" xsi:schemaLocation="http://www.openarchives.org/OAI/2.0/ http://www.openarchives.org/OAI/2.0/OAI-PMH.xsd"><responseDate>2026-04-28T21:14:47Z</responseDate><request verb="GetRecord" identifier="oai:uvadoc.uva.es:10324/3441" metadataPrefix="marc">https://uvadoc.uva.es/oai/request</request><GetRecord><record><header><identifier>oai:uvadoc.uva.es:10324/3441</identifier><datestamp>2021-06-29T09:34:16Z</datestamp><setSpec>com_10324_38</setSpec><setSpec>col_10324_852</setSpec></header><metadata><record xmlns="http://www.loc.gov/MARC21/slim" xmlns:doc="http://www.lyncode.com/xoai" xmlns:xsi="http://www.w3.org/2001/XMLSchema-instance" xmlns:dcterms="http://purl.org/dc/terms/" xsi:schemaLocation="http://www.loc.gov/MARC21/slim http://www.loc.gov/standards/marcxml/schema/MARC21slim.xsd">
<leader>00925njm 22002777a 4500</leader>
<datafield tag="042" ind1=" " ind2=" ">
<subfield code="a">dc</subfield>
</datafield>
<datafield tag="720" ind1=" " ind2=" ">
<subfield code="a">Aparicio Sacristán, María</subfield>
<subfield code="e">author</subfield>
</datafield>
<datafield tag="260" ind1=" " ind2=" ">
<subfield code="c">2013</subfield>
</datafield>
<datafield tag="520" ind1=" " ind2=" ">
<subfield code="a">En el presente trabajo expone un diseño de situaciones didácticas para favorecer el desarrollo de las capacidades cognitivas en Educación Infantil. La propuesta se lleva a cabo en un colegio de la provincia de Segovia y como resultado de aplicación práctica en un aula, se desarrolla un análisis que refleja cómo las situaciones didácticas contribuyen a desarrollar determinadas habilidades cognitivas. La propuesta está elaborada a partir de las situaciones didácticas que propone Brousseau en la Teoría de las Situaciones. Las actividades propuestas tratan de crear situaciones en las que los alumnos deben elaborar estrategias para la resolución del conflicto que se les plantea, siendo el propio medio el que verifique si la estrategia utilizada es la apropiada para la identificación del problema. La aprobación de las estrategias utilizadas y su propia repetición, serán la clave de sus aprendizajes</subfield>
</datafield>
<datafield tag="024" ind2=" " ind1="8">
<subfield code="a">http://uvadoc.uva.es/handle/10324/3441</subfield>
</datafield>
<datafield ind1=" " ind2=" " tag="653">
<subfield code="a">Matemáticas—Estudio y enseñanza</subfield>
</datafield>
<datafield ind1=" " ind2=" " tag="653">
<subfield code="a">Aprendizaje cognitivo</subfield>
</datafield>
<datafield tag="245" ind1="0" ind2="0">
<subfield code="a">Desarrollo de las capacidades cognitivas a través de juego matemáticos</subfield>
</datafield>
</record></metadata></record></GetRecord></OAI-PMH>